| 000 | 00861nam a2200253Ia 4500 | ||
|---|---|---|---|
| 003 | GCL | ||
| 008 | 140319s9999 xx 000 0 ara d | ||
| 040 |
_aGCL / _cGCL |
||
| 082 | 0 | 4 |
_a301.31 _bب ن |
| 100 | 1 | _aبروكوب، ماريان ك | |
| 245 | 1 | 0 |
_aنحو عالم اخضر: ساعد منظمتك على حماية البيئة وتحسين الربحية / _cبروكوب، ماريان ك |
| 700 | 1 | _aعبدالحليم حزين | |
| 700 | 1 | _aحزامة حبايب | |
| 700 | 1 | _aموفق الصقار (مراجع) | |
| 260 |
_a[S.N] : _bدار الكرمل للنشر والتوزيع ، _c1995 |
||
| 300 | _a128 ص | ||
| 490 | _a | ||
| 650 | 0 | 4 | _aالبيئة |
| 650 | 0 | 4 | _aالبيئة والانسان |
| 650 | 0 | 4 | _aالاوزون |
| 650 | 0 | 4 | _aالورق, استهلاك |
| 650 | 0 | 4 | _aالبيئة - منظمات |
| 942 |
_2ddc _cBK |
||
| 999 |
_c28911 _d28911 |
||